00490 2200169 4500001002100000008004100021035002000062245006400082110002100146260003900167300001700206020002200223084001700245082001100262650003400273990001300307INLIS000000000000386 ind  a0010-0120000386 aFikihbBuku Guru Madrasah Tsanawiyah VIIIcKementrian Agama aKementrian Agama aJakarta :bKementrian Agama,c2015 avi, 138 hlm. a978-602-293-065-5 a297.14 FIK f a297.14 aFikih -- Studi dan Pengajaran a21900386